BAYU ASMARA
| Main Author: | |
|---|---|
| Format: | Book |
| Language: | Malay |
| Published: |
Shah Alam, Selangor :
Alaf 21 Sdn Bhd
2006
|
| Subjects: |
MARC
| LEADER | 00000cam a2200000 7i4500 | ||
|---|---|---|---|
| 001 | 0000029024 | ||
| 005 | 20210119.0 | ||
| 008 | 201110 my may | ||
| 020 | |a 9789831242674 | ||
| 040 | |a INS |b eng |e rda | ||
| 090 | 0 | 0 | |a PL5136 |b I63 2006 |
| 100 | 0 | |a Ilani Mysara , |e author | |
| 245 | 1 | 0 | |a BAYU ASMARA |c Ilani Mysara |
| 264 | 1 | |a Shah Alam, Selangor : |b Alaf 21 Sdn Bhd |c 2006 | |
| 300 | |a 478 pages ; |c 19 cm. | ||
| 336 | |a text |2 rdacontent | ||
| 337 | |a unmediated |2 rdamedia | ||
| 338 | |a volume |2 rdacarrier | ||
| 650 | 0 | |a Malay fiction | |
| 999 | |a 0000024773 |b BOOK |c Open Shelf |e Default branch | ||